000 00716nam a22001697a 4500
005 20230927152152.0
020 _a9788176674157
_c425.00
082 _a
_2प्रथम
100 _aरूप सिंह
_957566
245 _aबाकी सफा 5 पर/
_cरूप सिंह पंजाब से अनुवाद सुभाष नीरव
250 _aप्रथम
260 _aDelhi
_bBhavna Prakashan
_c2021
270 _a109-A, Patparganj Village
_bDelhi
_e110091
_mbhavnaprakashan@gmail.com
300 _a200प.
_b22सी.मी(सजिल्द)
942 _2ddc
_cHN
_h
_mरूपसिं
999 _c198615
_d198615